Normal view
MARC view
- Dr. Kunwar Faraz Ahmed Khan
Entry Personal Name
001 - CONTROL NUMBER
- control field: 17311
003 - CONTROL NUMBER IDENTIFIER
- control field: NUST
005 - DATE AND TIME OF LATEST TRANSACTION
- control field: 20190710104229.0
008 - FIXED-LENGTH DATA ELEMENTS
- fixed length control field: 190710|| aca||aabn | a|a d
040 ## - CATALOGING SOURCE
- Original cataloging agency: NUST
- Transcribing agency: NUST
100 ## - HEADING--PERSONAL NAME
- Personal name: Dr. Kunwar Faraz Ahmed Khan
670 ## - SOURCE DATA FOUND
- Source citation: Work cat.: (NUST): Saad, Muhammed 17310, Troubleshooting of FANUC Control CNC Milling Machine /, 2014.
